| 000 | 00788cam a22002533a 4500 | ||
|---|---|---|---|
| 001 | 15771 | ||
| 003 | PGUSA | ||
| 005 | 20140828083334.0 | ||
| 008 | 050505s2005||||xxu|||||s|||||000 | eng d | ||
| 040 |
_aPGUSA _beng |
||
| 042 | _adc | ||
| 050 | 4 | _aBS | |
| 100 | 1 |
_aTidwell, Josiah Blake, _d1870-1946 |
|
| 245 | 1 | 4 |
_aThe Bible Period by Period : _bA Manual for the Study of the Bible by Periods _h[electronic resource] / _cJosiah Blake Tidwell |
| 260 |
_bProject Gutenberg, _c2005 |
||
| 506 | _aPublic domain in the USA. | ||
| 516 | _aElectronic text | ||
| 653 | _aBible -- Introductions | ||
| 653 | _aBible -- History of Biblical events | ||
| 653 | _aBible -- Commentaries | ||
| 830 | 0 |
_aProject Gutenberg _v15771 |
|
| 856 | 4 | 0 | _uhttp://www.gutenberg.org/ebooks/15771 |
| 942 | _cEB | ||
| 999 |
_c245026 _d245026 |
||